Study on financing and financial performance of SMEs in Malaysia /
Saved in:
| 主要作者: | |
|---|---|
| 格式: | Thesis |
| 语言: | English |
| 出版: |
Gombak, Selangor :
Kulliyyah of Economics and Management Sciences, International Islamic University Malaysia
2010
|
| 主题: | |
| 在线阅读: | Click here to view 1st 24 pages of the thesis. Members can view fulltext at the specified PCs in the library. |
| 标签: |
添加标签
没有标签, 成为第一个标记此记录!
|
| LEADER | 018910000a22003490004500 | ||
|---|---|---|---|
| 008 | 101228n2010 my ad g m 000 0 eng d | ||
| 040 | |a UIAM |b eng | ||
| 043 | |a a-my--- | ||
| 050 | 0 | 0 | |a HD2346.M4 |
| 100 | 1 | |a Siti Khadijah bt Ab. Manan |9 123520 | |
| 245 | 1 | |a Study on financing and financial performance of SMEs in Malaysia / |c by Siti Khadijah bt Ab. Manan | |
| 260 | |a Gombak, Selangor : |b Kulliyyah of Economics and Management Sciences, International Islamic University Malaysia |c 2010 | ||
| 300 | |a xviii, 258 leaves : |b ill . |c 30 cm. | ||
| 336 | |2 rdacontent | ||
| 337 | |2 rdamedia | ||
| 338 | |2 rdacarrier | ||
| 500 | |a Abstract in English and Arabic. | ||
| 500 | |a "A dissertation submitted in partial fulfillment of the requirement for the degree of Doctor of Philosophy (Economics)."--On t.p. | ||
| 502 | |a Thesis (Ph.D.)--International Islamic University Malaysia, 2010. | ||
| 504 | |a Includes bibliographical references (leaves 219-235). | ||
| 650 | 0 | |a Small business |z Malaysia |9 61321 | |
| 650 | 0 | |a Business enterprises |z Malaysia |9 123521 | |
| 650 | 0 | |a Business enterprises |x Finance |9 15056 | |
| 655 | 0 | 7 | |a Theses, IIUM local |
| 690 | |a Dissertation, Academic |x Department of Economics |z IIUM |9 123522 | ||
| 710 | 2 | |a International Islamic University Malaysia. |b Department of Economics |9 33699 | |
| 856 | 4 | |u http://studentrepo.iium.edu.my/handle/123456789/3455 |z Click here to view 1st 24 pages of the thesis. Members can view fulltext at the specified PCs in the library. | |
| 900 | |a mrm-his-naw | ||
| 942 | |2 lcc |n 0 | ||
| 999 | |c 434831 |d 465675 | ||
| 952 | |0 0 |6 T HD 2346 M4 S623S 2010 |7 0 |8 THESES |9 757014 |a IIUM |b IIUM |c MULTIMEDIA |g 0.00 |o t HD 2346 M4 S623S 2010 |p 00011172729 |r 2017-10-19 |t 1 |v 0.00 |y THESIS | ||
| 952 | |0 0 |6 TS CDF HD 2346 M4 S623S 2010 |7 0 |8 THESES |9 844375 |a IIUM |b IIUM |c MULTIMEDIA |g 0.00 |o ts cdf HD 2346 M4 S623S 2010 |p 11100325845 |r 2017-10-26 |t 1 |v 0.00 |y THESISDIG | ||
